000
00347nam a2200133Ia 4500
008
151001s9999||||xx |||||||||||||| ||und||
100
_a
अर्चना वर्टीकर
245
_a
जळात सोडलेले दिवे
250
_a
1
260
_b
क्ष
260
_c
2008
300
_a
110
365
_b
21
999
_c
990803
_d
990800